000 00281nam a2200097Ia 4500
008 220204s9999 xx 000 0 und d
082 _a677.21(035)
_bHAN
245 0 _aHandbook of Indian cotton textile industry. 1960
260 _bCotton textile export promotion council
942 _cBK
999 _c21538
_d21538